A szemléletes gondolkozás logikája. Természetes A-B-C

Elmentve itt :
Bibliográfiai részletek
Szerző: Balla Zoltán
Adatforrás:Philobibl
Dokumentumtípus: Könyv
Nyelv:magyar
Megjelent: Bp. Légrády ny. 1946
LEADER 00318nam a2200109 c 4500
001 bibDOK00009042
005 20200924120449.9
008 060518s1946 hu hun
100 1 |a Balla Zoltán 
245 1 2 |a A szemléletes gondolkozás logikája. Természetes A-B-C  |c Balla Zoltán 
260 |a Bp.  |b Légrády ny.  |c 1946 
300 |a 150 p.